000 00435nam a2200169Ia 4500
008 230725s2009 xx 000 0 und d
041 _aeng
082 _a615
_bNAL/TER
100 _aNALDMAN SCOTT., TERZIC ANDRE
245 _aPHARMACOLOGY & DHERAPEUTICS : PRINCIPLES TO PRACTICE
260 _bELSEVIER
_c2009
300 _a1378
365 _h20
500 _aTEXT BOOK
501 _aP & T
650 _aPharmacology & Toxiocology
999 _c755179
_d755179